Statistics for NBA Teams by Emoji

Click here to take the quiz!

General Stats

  • This quiz has been taken 8,134 times
  • The average score is 17 of 30

Answer Stats

HintTeam% Correct
๐ŸปMemphis Grizzlies
86%
๐Ÿโ˜ ๏ธCharlotte Hornets
81%
โ˜€๏ธPhoenix Suns
81%
๐ŸŒฒ๐ŸบMinnesota Timberwolves
79%
๐ŸŽบ๐ŸŽท๐ŸŽน๐ŸŽถUtah Jazz
77%
๐Ÿ‡ฎ๐Ÿ‡ชโ˜˜๏ธ๐Ÿ‘จBoston Celtics
76%
๐Ÿš€Houston Rockets
76%
๐Ÿฆ…๐Ÿฆ–Toronto Raptors
75%
๐Ÿ”ฅ๐ŸฅตMiami Heat
71%
๐Ÿง™Washington Wizards
70%
๐ŸคดSacramento Kings
68%
๐ŸฆŒMilwaukee Bucks
64%
๐ŸŒฉ๏ธ๐Ÿ”ŠOklahoma City Thunder
64%
๐ŸŽDallas Mavericks
63%
โš—๏ธ๐Ÿง™โœจOrlando Magic
63%
๐Ÿ‚Chicago Bulls
62%
๐Ÿฆ…Atlanta Hawks
61%
โš”๏ธ๐Ÿ—ก๏ธ๐Ÿ‘จ๐Ÿ›ก๏ธGolden State Warriors
59%
    ๐Ÿ’ง    
๐Ÿ’ง๐Ÿšค๐Ÿ’ง
    ๐Ÿ’ง    
Los Angeles Lakers
59%
๐Ÿ•ธ๏ธ๐Ÿฅ…Brooklyn Nets
45%
๐Ÿ
๐ŸŽ๏ธ๐Ÿ’จ   ๐ŸŽ๏ธ๐ŸŽ๏ธ
โฌ†๏ธ                  
Indiana Pacers
41%
โš™๏ธ๐Ÿ’ชDetroit Pistons
38%
๐ŸŒŠ๐ŸฆขNew Orleans Pelicans
36%
โžก๏ธ๐Ÿ‘ข๐ŸŽ๐Ÿ’จSan Antonio Spurs
35%
๐Ÿ’ฐ๐Ÿ‘จ๐Ÿ—ก๏ธ
    ๐ŸŽ    
Cleveland Cavaliers
33%
๐ŸŸก๐Ÿฅ‡Denver Nuggets
33%
๐Ÿฉณ๐Ÿ‘ด๐Ÿ™๏ธNew York Knicks
30%
๐Ÿ”ซ๐Ÿ‘ด๐Ÿ””๐Ÿ‡บ๐Ÿ‡ธโŒ๐Ÿ‘‘Philadelphia 76ers
28%
โ›ต๐Ÿ’จLos Angeles Clippers
19%
๐Ÿ‘จ๐Ÿ‘ฉโ˜ธ๏ธ๐Ÿ›ฃ๏ธPortland Trail Blazers
17%

Score Distribution

Percentile by Number Answered

Percent of People with Each Score

Your Score History

You have not taken this quiz